LEADER 01517nam0 2200337 450 001 000034257 005 20220331100806.0 100 $a20220303d1999----km-y0itay50------ba 101 0 $aeng 102 $aIT 105 $aa-------001yy 200 1 $a<>panel building process in bank of Italy's survey of household income and wealth$esome examples of transitions analysis in the most extended panel 1989-95$fClaudio Quintano$fRosalia Castellano$fAntonio Angelo Romano$eEstratto 210 $a[Napoli]$cs.n.$d1999 215 $aP.377-464$ccontiene tabelle alfanumeriche$d24 cm 225 2 $aScritti di Statistica Economica$v5 225 2 $aQuaderni di discussione$v17 300 $aIn testa alla copertina: Istituto di Statistica e Matematica. Facoltà di Economia. Istituto universitario navale, Napoli 410 0$aScritti di Statistica Economica$v5 410 0$aQuaderni di discussione$v17 500 10$a<>panel building process in bank of Italy's survey of household income and wealth$92805907 610 1 $aBilanci familiari$aBanca d'Italia 676 $a330$v21 700 1$aQuintano,$bClaudio$0551040 701 1$aCastellano,$bRosalia$0101877 701 1$aRomano,$bAntonio Angelo$0313240 712 02$aIstituto Universitario Navale 801 0$aIT$bUNIPARTHENOPE$c20220223$gRICA$2UNIMARC 912 $a000034257 951 $aSSE-330/17 [VI]$bs.i.$cNAVA1$d2022 996 $aPanel building process in bank of Italy's survey of household income and wealth$92805907 997 $aUNIPARTHENOPE LEADER 02280nam 2200433 450 001 9910793077003321 005 20200520144314.0 010 $a1-4232-3486-3 035 $a(CKB)3710000001404133 035 $a(MiAaPQ)EBC4877030 035 $a(Au-PeEL)EBL4877030 035 $a(CaPaEBR)ebr11397712 035 $a(OCoLC)990404861 035 $a(BIP)058715619 035 $a(EXLCZ)993710000001404133 100 $a20190123d2002 uy 0 101 0 $aeng 135 $aurcnu|||||||| 181 $ctxt$2rdacontent 182 $cc$2rdamedia 183 $acr$2rdacarrier 200 00$aAstronomy $ea comprehensive guide to the universe 210 1$a[Place of publication not identified] :$cBarCharts, Inc.,$d[2002] 210 4$d2002 215 $a1 online resource (6 pages) $cillustrations 311 $a1-4232-3465-0 330 8 $aAs a student, stargazer, or lover of our galaxy, space and the infinite, there is no resource for this price that in 6 pages can show you the universe this completely yet succinctly. Expertly authored with balanced coverage, the number of detailed facts and answers to our questions about planets, our galaxy and the universe makes this the biggest bang for your buck - guaranteed.6-page laminated guide includes:History of AstronomyAncient TimesThe Astronomy of GreecePioneers of AstronomySpace DimensionsOrigin of The Solar SystemDetails of the Terrestrial PlanetsDetails of the Jovian PlanetsComparative Data on the Jovian PlanetsThe Dwarf PlanetsThe SunThe StarsAtomsThe Properties of StarsStarlightGalaxiesConcepts of CosmologySuggested uses:Students - content is aligned to an entry college level or advanced high school astronomy course, for use as a quick and easy reference and review for that class as well as digging deeper for students in earth science courses at the high school levelStargazers & Space Lovers - for stargazers there are plenty of details as well as those space lovers of the far, far away 606 $aAstronomy$vOutlines, syllabi, etc 610 $aASTRONOMY 610 $aSCIENCE 615 0$aAstronomy 676 $a520 801 0$bMiAaPQ 801 1$bMiAaPQ 801 2$bMiAaPQ 906 $aBOOK 912 $a9910793077003321 996 $aAstronomy$91933962 997 $aUNINA LEADER 01307oam 2200445zu 450 001 9910139110903321 005 20241212215906.0 010 $a9781467301206 010 $a1467301205 035 $a(CKB)2560000000079985 035 $a(SSID)ssj0000669445 035 $a(PQKBManifestationID)12244641 035 $a(PQKBTitleCode)TC0000669445 035 $a(PQKBWorkID)10709317 035 $a(PQKB)11047995 035 $a(NjHacI)992560000000079985 035 $a(EXLCZ)992560000000079985 100 $a20160829d2011 uy 101 0 $aeng 135 $aur||||||||||| 181 $ctxt 182 $cc 183 $acr 200 10$a2011 IEEE Nuclear Science Symposium Conference Record 210 31$a[Place of publication not identified]$cIEEE$d2011 215 $a1 online resource 300 $aBibliographic Level Mode of Issuance: Monograph 311 08$a9781467301183 311 08$a1467301183 606 $aImaging systems in medicine$vCongresses 606 $aNuclear physics$vCongresses 615 0$aImaging systems in medicine 615 0$aNuclear physics 676 $a616.0754 702 $aIEEE Staff 801 0$bPQKB 906 $aPROCEEDING 912 $a9910139110903321 996 $a2011 IEEE Nuclear Science Symposium Conference Record$92540083 997 $aUNINA